Parodies dans les Simpson par image - Statistiques

Statistiques générales
  • Ce quiz a été pris 14 159 fois
    13 068 depuis la dernière actualisation
  • Le résultat moyen est 16 sur 20
Statistiques - réponses
Par images Réponse % Correct
Hulk
98%
Les Aventures de Tintin
98%
Harry Potter
96%
Spider-Man
95%
Star Wars
95%
Mario Kart
94%
Bob l'éponge
93%
Mary Poppins
90%
Scooby-Doo
87%
Forrest Gump
84%
King Kong
84%
Les Schtroumpfs
81%
Friends
78%
Death Note
71%
Pokémon Go
70%
Goldfinger
65%
Shining
63%
Stranger Things
61%
Dracula
53%
Fantasia
40%
Aucun quiz correspondant
Distribution des résultats
% des personnes avec chaque résultat
Percentile par nombre de réponses
Votre historique - résultats
Vous n’avez pas pris ce quiz depuis la dernière actualisation